<?xml version="1.0" encoding="UTF-8"?>
<record
    xmlns:xsi="http://www.w3.org/2001/XMLSchema-instance"
    xsi:schemaLocation="http://www.loc.gov/MARC21/slim http://www.loc.gov/standards/marcxml/schema/MARC21slim.xsd"
    xmlns="http://www.loc.gov/MARC21/slim">

  <leader>00537nam a22001817a 4500</leader>
  <controlfield tag="005">20240926115744.0</controlfield>
  <controlfield tag="008">240920b        |||||||| |||| 00| 0 eng d</controlfield>
  <datafield tag="020" ind1=" " ind2=" ">
    <subfield code="a">978-93-5480-221-8</subfield>
  </datafield>
  <datafield tag="041" ind1=" " ind2=" ">
    <subfield code="a">eng</subfield>
  </datafield>
  <datafield tag="082" ind1=" " ind2=" ">
    <subfield code="a">344.0416</subfield>
  </datafield>
  <datafield tag="100" ind1=" " ind2=" ">
    <subfield code="a">BHARDWAJ, DR.LOKESH KUMAR AND  SINGH, DR. CHARANJEET &amp; KUMAR AMIT</subfield>
    <subfield code="9">8564</subfield>
  </datafield>
  <datafield tag="245" ind1=" " ind2=" ">
    <subfield code="a">PHARMACY LAW AND ETHICS  [ D. PHARMA , 2ND YEAR] </subfield>
  </datafield>
  <datafield tag="250" ind1=" " ind2=" ">
    <subfield code="a">1ST RE-PRINT ED. 2024</subfield>
  </datafield>
  <datafield tag="260" ind1=" " ind2=" ">
    <subfield code="a">LUCKNOW </subfield>
    <subfield code="b">THAKUR PUBLICATION PVT.LTD </subfield>
  </datafield>
  <datafield tag="300" ind1=" " ind2=" ">
    <subfield code="a">312;P </subfield>
  </datafield>
  <datafield tag="650" ind1=" " ind2=" ">
    <subfield code="a">PHARMACY</subfield>
    <subfield code="x">D.PHARMA</subfield>
  </datafield>
  <datafield tag="942" ind1=" " ind2=" ">
    <subfield code="c">BK</subfield>
  </datafield>
  <datafield tag="999" ind1=" " ind2=" ">
    <subfield code="c">8693</subfield>
    <subfield code="d">8691</subfield>
  </datafield>
  <datafield tag="952" ind1=" " ind2=" ">
    <subfield code="0">0</subfield>
    <subfield code="1">0</subfield>
    <subfield code="4">0</subfield>
    <subfield code="7">0</subfield>
    <subfield code="8">PHARMACY</subfield>
    <subfield code="a">JRU</subfield>
    <subfield code="b">JRU</subfield>
    <subfield code="c">SHELF-72-C</subfield>
    <subfield code="d">2024-09-13</subfield>
    <subfield code="e">PURCHASE</subfield>
    <subfield code="g">340.00</subfield>
    <subfield code="h">NEW ARRIVALS SHELF</subfield>
    <subfield code="l">0</subfield>
    <subfield code="o">344.0416</subfield>
    <subfield code="p">28557</subfield>
    <subfield code="r">2024-09-20 10:26:07</subfield>
    <subfield code="w">2024-09-13</subfield>
    <subfield code="y">BK</subfield>
  </datafield>
  <datafield tag="952" ind1=" " ind2=" ">
    <subfield code="0">0</subfield>
    <subfield code="1">0</subfield>
    <subfield code="4">0</subfield>
    <subfield code="7">0</subfield>
    <subfield code="8">PHARMACY</subfield>
    <subfield code="a">JRU</subfield>
    <subfield code="b">JRU</subfield>
    <subfield code="c">Shelf - 25- F</subfield>
    <subfield code="d">2024-09-13</subfield>
    <subfield code="e">PURCHASE</subfield>
    <subfield code="g">340.00</subfield>
    <subfield code="l">1</subfield>
    <subfield code="o">344.0416</subfield>
    <subfield code="p">28558</subfield>
    <subfield code="r">2024-10-24 10:43:18</subfield>
    <subfield code="s">2024-10-15</subfield>
    <subfield code="w">2024-09-13</subfield>
    <subfield code="y">BK</subfield>
  </datafield>
</record>
